Interpreting Mughal painting : (Record no. 31318)

MARC details
000 -LEADER
fixed length control field 01267cam a2200301 a 4500
005 - DATE AND TIME OF LATEST TRANSACTION
control field 20060719195018.0
008 - FIXED-LENGTH DATA ELEMENTS--GENERAL INFORMATION
fixed length control field 950309s1994 ii a b 001 0ceng
010 ## - LCCN (DPL NO)
LC control number ENG-95313
020 ## - INTERNATIONAL STANDARD BOOK NUMBER
International Standard Book Number 9780195692570
Terms of availability 595.00
020 ## - INTERNATIONAL STANDARD BOOK NUMBER
International Standard Book Number 0195692578
Terms of availability 595.00
037 ## - SOURCE OF ACQUISITION
Source of stock number/acquisition DBAD/PUB
040 ## - CATALOGING SOURCE
Original cataloging agency DPL
082 ## - DEWEY DECIMAL CLASSIFICATION NUMBER
Classification number 759.954
100 ## - MAIN ENTRY--PERSONAL NAME
Personal name Verma, Som Prakash,
245 ## - TITLE STATEMENT
Title Interpreting Mughal painting :
Statement of responsibility, etc by Som Prakash Verma.
Remainder of title essays on art, society, and culture /
260 ## - PUBLICATION, DISTRIBUTION, ETC. (IMPRINT)
Place of publication, distribution, etc New Delhi :
Name of publisher, distributor, etc Oxford University Press
Date of publication, distribution, etc 2009
300 ## - PHYSICAL DESCRIPTION
Extent xvii, 201 p.
Other physical details ill. ;
Dimensions 22 cm.(Hb)
500 ## - GENERAL NOTE
General note "Centre of Advanced Study in History, Aligarh Muslim University."
504 ## - BIBLIOGRAPHY, ETC. NOTE
Bibliography, etc Includes bibliographical references and indexes.
650 ## - SUBJECT ADDED ENTRY--TOPICAL TERM
Topical term or geographic name as entry element Painting, Mogul.
650 ## - SUBJECT ADDED ENTRY--TOPICAL TERM
Topical term or geographic name as entry element Painters
Geographic subdivision India
General subdivision Biography.
650 ## - SUBJECT ADDED ENTRY--TOPICAL TERM
Topical term or geographic name as entry element Miniature painting, Mogul.
650 ## - SUBJECT ADDED ENTRY--TOPICAL TERM
Topical term or geographic name as entry element Illumination of books and manuscripts, Mogul.
710 ## - ADDED ENTRY--CORPORATE NAME
Corporate name or jurisdiction name as entry element Aligarh Muslim University.
Subordinate unit Centre of Advanced Study in History.
942 ## - ADDED ENTRY ELEMENTS (KOHA)
Source of classification or shelving scheme Dewey Decimal Classification
Item type English Books
Call number suffix VER
Classification part 759.954
Holdings
Withdrawn status Lost status Source of classification or shelving scheme Damaged status Not for loan Collection code Home library Current library Date acquired Source of acquisition Cost, normal purchase price Total Checkouts Full call number Barcode Date last seen Copy number Cost, replacement price Koha item type
    Dewey Decimal Classification   Not For Loan Non-fiction D.B.Act.Division D.B.Act.Division 04/11/2009 DBAD / PUB 595.00   759.954 VER EN-78846 04/11/2009 1 595.00 English Books

© Delhi Public Library
Hit Counter
free hit counter